Teoría y problemas de álgebra moderna
Guardat en:
| Autor principal: | |
|---|---|
| Format: | Llibre |
| Idioma: | espanyol |
| Publicat: |
Ciudad de México
McGraw-Hill
1969
|
| Col·lecció: | Serie de Compendios Schaum
|
| Matèries: | |
| Etiquetes: |
Afegir etiqueta
Sense etiquetes, Sigues el primer a etiquetar aquest registre!
|
MARC
| LEADER | 00000nam a2200000 a 4500 | ||
|---|---|---|---|
| 001 | UCQ7890 | ||
| 003 | CL-VaPUC | ||
| 008 | 981121e19690000MX |||||||||||||||||spa|d | ||
| 082 | 0 | 4 | |a 512 |b AYR |2 21 |
| 100 | 0 | |a Ayres, Frank |e author |9 421674 | |
| 245 | 1 | 0 | |a Teoría y problemas de álgebra moderna |
| 300 | |a 242 p | ||
| 942 | |c BK | ||
| 945 | |d 19981121 00:00:00 |a lriquelm | ||
| 260 | |a Ciudad de México |b McGraw-Hill |c 1969 | ||
| 650 | 0 | |a Álgebra abstracta |9 260081 | |
| 650 | 0 | |a Problemas, ejercicios, etc |9 259377 | |
| 650 | 0 | |a Álgebra |9 259567 | |
| 650 | 0 | |a Conjuntos |9 342214 | |
| 650 | 0 | |a Números naturales |9 266064 | |
| 650 | 7 | |a ENTEROS |2 CL-VaPUC |9 421675 | |
| 650 | 0 | |a Números racionales |9 316867 | |
| 650 | 0 | |a Números reales |9 270334 | |
| 650 | 0 | |a Números complejos |9 270335 | |
| 650 | 0 | |a Polinomios |9 270626 | |
| 650 | 0 | |a Espacios vectoriales |9 21 | |
| 650 | 0 | |a Matrices |9 22 | |
| 650 | 0 | |a Álgebra lineal |9 260445 | |
| 650 | 0 | |a Álgebra booleana |9 270639 | |
| 583 | |a last modification |c 19981121 00:00:00 |k Rodrigo Vera | ||
| 490 | 0 | |a Serie de Compendios Schaum | |
| 999 | |c 277266 |d 277264 | ||
| 952 | |0 0 |1 0 |4 0 |6 512_000000000000000_AYR_1969 |7 0 |8 A |9 315147 |a BIBMAT |b BIBMAT |d 2019-11-20 |i 1494309 |o 512 AYR 1969 |p 1494309 |r 2025-01-07 |w 2019-11-20 |y BK |k MAT | ||
| 952 | |0 0 |1 0 |4 0 |6 512_000000000000000_AYR_1969 |7 0 |8 A |9 315148 |a BIBMAT |b BIBMAT |d 2019-11-20 |i 149435K |o 512 AYR 1969 |p 149435K |r 2025-01-07 |w 2019-11-20 |y BK |k MAT | ||